000 00770cam a22002651 4500
001 sa 66007087
003 DLC
005 20260227112301.0
008 810529s1965 ii b 000 0 eng
010 _asa 66007087
025 _aPL480:I-E-6201
035 _a(OCoLC)7457049
040 _aDLC
_cNIC
_dDLC
042 _apremarc
050 0 0 _aPK1725
_b.S65
082 _a891.448509
100 1 _aSrinivasa Iyengar, K. R.
245 0 0 _aRabindranath Tagore
_c[by] K. R. Srinivasa Iyengar.
250 _a[1st ed.]
260 _aBombay,
_bPopular Prakashan
_c[1965]
300 _a110 p.
_c22 cm.
490 0 _aThe Literary criterion publications on Indian men of letters,
_v1
504 _aBibliography: p. [107]-110.
600 1 0 _aTagore, Rabindranath,
_d1861-1941.
999 _c70915
_d70915